Cartoon Network Shows - Statistics

General Stats
  • This quiz has been taken 8,595 times
    8,590 since last reset
  • The average score is 9 of 15
Answer Stats
Hint Answer % Correct
Three little girls made from: Sugar, Spice & Everything Nice Powerpuff Girls
91%
Cat & mouse play pranks on each other when no one is home Tom & Jerry
86%
A boy gets a weird watch stuck on his wrist that lets him turn into different aliens Ben 10
82%
Ten year old boy makes experiments in his hidden lab Dexter's Laboratory
78%
Five teens with super powers fight crime in their city Teen Titans
67%
Out in the middle of nowhere, dog tries to keep his owners safe Courage The Cowardly Dog
66%
Three boys try to scam money to buy jawbreakers Ed, Edd, & Eddy
61%
A boy and a girl trick the grim reaper into forever being their servant The Grim Adventures Of Billy & Mandy
57%
Five kids who live in a treehouse, go on missions and fight evil adults Codename: Kids Next Door
56%
A boy wants to keep his imaginary friend, but can't keep him at home Foster's Home For Imaginary Friends
46%
A boy lives inside a whale with his captain trying to look for Candy Island The Misadventures Of Flapjack
43%
Warrior sent to the future before he can defeat evil Samurai Jack
42%
Three teenage girls become secret spies while still dealing with high school Totally Spies
37%
A comedy show where teenage contestants try to win a million dollars on an island Total Drama Island
28%
Five teens go to a virtual world to defeat a deadly virus Code Lyoko
14%
No matching quizzes found
Score Distribution
Percent of People with Each Score
Percentile by Number Answered
Your Score History
You have not taken this quiz since the last reset